000 01188nam a22002897a 4500
005 20171004095203.0
008 120507s2010 ck a gr 00010 spa d
020 _a9789588343501
041 0 _aspa
043 _as-ck---
082 0 4 _a580.986
_bG216e
245 0 0 _aEstrategia nacional para la conservación de plantas :
_bactualización de los antecedentes normativos y políticos, y revisión de avances /
_cHernando García ... [et al.].
260 _aBogotá :
_bInstituto Humboldt :
_bRed Nacional de Jardines Botánicos de Colombia,
_c2010.
300 _a159 p. :
_bil. ;
_c28 cm.
504 _aIncluye bibliografía.
650 _aPlantas
_x Conservación de especímenes
_z Colombia.
_9293
650 4 _aPlantas ornamentales
_x Conservación de especímenes
_z Colombia.
_9294
650 _aPlantas
_x Uso
_z Colombia.
_9295
650 4 _aProtección de los recursos naturales
_z Colombia.
_9296
650 4 _aConservación de la diversidad biológica
_z Colombia.
_9297
700 1 _aLondoño, Carolina
_9300
700 1 _aSofrony, Carolina
_9301
700 1 _9298
_aGarcía, Hernando
700 1 _9299
_aMoreno, Luz Adriana
942 _2ddc
_cIMPRESO
_01
949 _a
999 _c7342
_d7342